Plastics failure guide : cause and prevention /

Guardado en:
Autor Principal: Ezrin, Myer.
Formato: Libro
Idioma:English
Publicado: Munich : Cincinnati, OH : Hanser Publishers ; Hanser-Gardner Publications, 1996.
Materias:
Etiquetas: Agregar Etiqueta
Sin Etiquetas, Sea el primero en etiquetar este registro!
LEADER 00718cam a22002055a 4500
001 EIQ.libpla003598
008 960711s1996####gw#ao####b####001#0#eng#d
005 20080218170610.0
245 1 0 |a Plastics failure guide :  |b cause and prevention /  |c Myer Ezrin. 
260 |a Munich :  |b Hanser Publishers ;  |a Cincinnati, OH :  |b Hanser-Gardner Publications,  |c 1996. 
300 |a xxi, 473 p. :  |b il., fotos ;  |c 24 cm. 
504 |a Incluye referencias bibliográficas e índice. 
020 |a 1569901848 
100 1 |a Ezrin, Myer. 
082 0 0 |a 620.1/9236  |2 20 
650 4 |a Plásticos  |x Fractura. 
650 0 |a Plastics  |x Fracture. 
010 |a  96032920  
040 |a DLC  |c DLC  |d AR-BbSID 
859 |a AR-BbSID  |b BIB. PLAPIQUI  |h 668.419  |i Ez 78  |p 5410